| 000 | | | 05485cbc2a2200265#x 450 |
| 001 | | | 7e336ce9-8405-4370-9480-d04710469d4e |
| 005 | | | 20240124161945.0 |
| 100 | ## | $a | 20201218l19221923k y0rusy50 ca |
| 101 | 0# | $a | rus |
| 102 | ## | $a | RU |
| 105 | ## | $a | y z ||||| |
| 122 | 2# | $a | d19221231 |
| | $a | d19231231 |
| 200 | 1# | $a | О Конституции Союза Советских Социалистических Республик |
| | $j | 1922 - 1923 |
| 215 | ## | $a | 256 листов |
| 251 | ## | $c | Дело |
| 300 | ## | $a | Заголовок дела на папке отсутствует |
| 300 | ## | $a | На папке дела дата не указана |
| 300 | ## | $a | Часть текста машинописная, часть - напечатана типографским способом |
| 330 | ## | $a | Входит в раздел описи: 1-й Съезд Советов. 2-я Сессия ЦИК СССР |
| 461 | #0 | $1 | 001796d4672-8a00-4986-b488-6e42273792cc |
| | $1 | 2001 |
| | $a | ЦЕНТРАЛЬНЫЙ ИСПОЛНИТЕЛЬНЫЙ КОМИТЕТ СССР (ЦИК СССР) |
| | $1 | 251 |
| | $c | Фонд |
| | $1 | 852 |
| | $g | Р |
| | $j | 3316 |
| 462 | #0 | $1 | 001ee8a6afd-59a9-4c8d-bf64-d1db70902f99 |
| | $1 | 2001 |
| | $a | Дела 1-го Съезда Советов и 1-й, 2-й, 3-й сессий ЦИК СССР 1-го созыва |
| | $v | Д. 11 |
| | $1 | 251 |
| | $c | Опись |
| | $1 | 852 |
| | $j | 1 |
| 801 | #0 | $a | RU |
| | $b | GA_RF |
| 801 | #1 | $a | RU |
| | $b | ГлавНИВЦ |
| | $c | 20201218 |
| | $2 | rusmarc |
| 801 | #2 | $a | RU |
| | $b | ПБ им. Б.Н. Ельцина |
| | $c | 20210201 |
| | $g | RCR |
| | $2 | rusmarc |
| 852 | ## | $a | ГА РФ |
| | $j | 11 |
| 937 | ## | $d | 155870936 |
| | $h | ГАРФ |
| 035 | ## | $a | RuPRLIB51059003 |
| 856 | ## | $u | http://readingroom.main.prlib.ru/item.aspx?id_node=n155870936&mode=full |
| 850 | ## | $a | Государственный архив Российской Федерации |
| 606 | 1# | $2 | nlr_sh |
| | $3 | RU\NLR\AUTH\661045455 |
| | $a | Образование Союза ССР |
| | $z | 1922 |
| | $j | Архивные дела |
| 607 | ## | $2 | nlr_sh1 |
| | $3 | RU\NLR\AUTH\66938519 |
| | $a | СССР |
| | $x | Съезды Советов |
| | $j | Архивные дела |
| 604 | ## | $1 | 500 |
| | $2 | prlib_sh |
| | $3 | DITM\AF\0000004601 |
| | $a | Конституция |
| | $j | Архивные дела |
| | $n | 1924 |
| | $x | Разработка |
| | $1 | 71001 |
| | $a | СССР |
| 605 | ## | $2 | acquisition_Prlib |
| | $3 | LIBNET\UAF\0000026627 |
| | $a | Конституция – Основной Закон |
| | $l | коллекция |
| 605 | ## | $2 | acquisition_Prlib |
| | $3 | DITM\AF\0000002775 |
| | $a | Власть |
| | $l | коллекция |
| 686 | ## | $2 | rubbk |
| | $a | 63.3(2)613-2ю11 |
| | $v | LBC/M |
| 686 | ## | $a | 63.3(2)613-3ю11 |
| | $v | LBC/M |
| | $2 | rubbk |